<?xml version="1.0" encoding="UTF-8"?>
<record
    xmlns:xsi="http://www.w3.org/2001/XMLSchema-instance"
    xsi:schemaLocation="http://www.loc.gov/MARC21/slim http://www.loc.gov/standards/marcxml/schema/MARC21slim.xsd"
    xmlns="http://www.loc.gov/MARC21/slim">

  <leader>00875nam a22002417a 4500</leader>
  <controlfield tag="001">4322</controlfield>
  <controlfield tag="003">FISKH</controlfield>
  <controlfield tag="005">20251205110148.0</controlfield>
  <controlfield tag="008">240718b        cb ||||| |||| 00| 0 eng d</controlfield>
  <datafield tag="020" ind1=" " ind2=" ">
    <subfield code="a">9781597071321</subfield>
  </datafield>
  <datafield tag="040" ind1=" " ind2=" ">
    <subfield code="a">FISKH</subfield>
    <subfield code="b">eng</subfield>
    <subfield code="c">FISKH</subfield>
    <subfield code="d">FISKH </subfield>
  </datafield>
  <datafield tag="050" ind1=" " ind2=" ">
    <subfield code="a">PZ7 </subfield>
  </datafield>
  <datafield tag="082" ind1=" " ind2=" ">
    <subfield code="a">741.5 </subfield>
  </datafield>
  <datafield tag="100" ind1=" " ind2=" ">
    <subfield code="a">Farshtey, Greg </subfield>
  </datafield>
  <datafield tag="245" ind1=" " ind2=" ">
    <subfield code="a">Bionicle, Vol. 4: </subfield>
    <subfield code="b">Trial by Fire /</subfield>
    <subfield code="c">Greg Farshtey </subfield>
  </datafield>
  <datafield tag="250" ind1=" " ind2=" ">
    <subfield code="a">This edition published in 2009 </subfield>
  </datafield>
  <datafield tag="260" ind1=" " ind2=" ">
    <subfield code="a">New York : </subfield>
    <subfield code="b">Papercutz, </subfield>
    <subfield code="c">2003 </subfield>
  </datafield>
  <datafield tag="300" ind1=" " ind2=" ">
    <subfield code="a">77 unnumbered pages : </subfield>
    <subfield code="b">20 cm </subfield>
    <subfield code="c">color illustrations ; </subfield>
  </datafield>
  <datafield tag="520" ind1=" " ind2=" ">
    <subfield code="a">The city of Metru Nui, long peaceful under the reign of Turaga Dume, is under attack. Only Toa Lhikan is left. Now it is up to him to bring forth the next generation of Toa to save Metru Nui. </subfield>
  </datafield>
  <datafield tag="650" ind1=" " ind2=" ">
    <subfield code="a">Bionicle </subfield>
    <subfield code="v">Science Fiction </subfield>
    <subfield code="x">Comic Book </subfield>
    <subfield code="y">Robots</subfield>
  </datafield>
  <datafield tag="942" ind1=" " ind2=" ">
    <subfield code="2">ddc</subfield>
    <subfield code="c">BK</subfield>
    <subfield code="n">0</subfield>
  </datafield>
  <datafield tag="999" ind1=" " ind2=" ">
    <subfield code="c">4322</subfield>
    <subfield code="d">4322</subfield>
  </datafield>
  <datafield tag="952" ind1=" " ind2=" ">
    <subfield code="0">0</subfield>
    <subfield code="1">0</subfield>
    <subfield code="2">ddc</subfield>
    <subfield code="4">0</subfield>
    <subfield code="7">0</subfield>
    <subfield code="8">FIC</subfield>
    <subfield code="a">001</subfield>
    <subfield code="b">001</subfield>
    <subfield code="c">COM</subfield>
    <subfield code="d">2024-07-18</subfield>
    <subfield code="l">1</subfield>
    <subfield code="o">FAR 741.5 PZ7 </subfield>
    <subfield code="p">FISTK01010</subfield>
    <subfield code="r">2025-10-31 13:17:00</subfield>
    <subfield code="s">2025-10-31</subfield>
    <subfield code="t">1</subfield>
    <subfield code="w">2024-07-18</subfield>
    <subfield code="y">BK</subfield>
  </datafield>
  <datafield tag="952" ind1=" " ind2=" ">
    <subfield code="0">0</subfield>
    <subfield code="1">0</subfield>
    <subfield code="2">ddc</subfield>
    <subfield code="4">0</subfield>
    <subfield code="7">0</subfield>
    <subfield code="8">FIC</subfield>
    <subfield code="a">002</subfield>
    <subfield code="b">002</subfield>
    <subfield code="c">SCB</subfield>
    <subfield code="d">2025-12-02</subfield>
    <subfield code="l">0</subfield>
    <subfield code="o">FAR 741.5 PZ7 </subfield>
    <subfield code="p">2025-5001</subfield>
    <subfield code="r">2025-12-02 11:21:25</subfield>
    <subfield code="t">2</subfield>
    <subfield code="w">2025-12-02</subfield>
    <subfield code="y">BK</subfield>
  </datafield>
</record>
